000 00289nam a22001337a 4500
008 181102b xxu||||| |||| 00| 0 eng d
020 _a0195013441
041 _aeng
080 _a611
100 _a6
101 _aANA
245 _aCase Studies in Anatomy
_cLachman, E
942 _2udc
_cBK
999 _c51641
_d51641